Tribhuvan University Central Library

Environmental earth science (Record no. 114724)

MARC details
000 -LEADER
fixed length control field 00432nam a2200169 4500
008 - FIXED-LENGTH DATA ELEMENTS--GENERAL INFORMATION
fixed length control field 240620b |||||||| |||| 00| 0 eng d
020 ## - INTERNATIONAL STANDARD BOOK NUMBER
International Standard Book Number 9789937252386
082 ## - DEWEY DECIMAL CLASSIFICATION NUMBER
Classification number 550/T158e
100 ## - MAIN ENTRY--PERSONAL NAME
Personal name Tamrakar, N.K.
245 ## - TITLE STATEMENT
Title Environmental earth science
260 ## - PUBLICATION, DISTRIBUTION, ETC.
Place of publication, distribution, etc. Kathmandu:
Name of publisher, distributor, etc. Dikshant prakashan,
Date of publication, distribution, etc. 2012
300 ## - PHYSICAL DESCRIPTION
Extent 398p.:ills.
650 ## - SUBJECT ADDED ENTRY--TOPICAL TERM
Topical term or geographic name entry element Earth science
650 ## - SUBJECT ADDED ENTRY--TOPICAL TERM
Topical term or geographic name entry element Earth
700 ## - ADDED ENTRY--PERSONAL NAME
Personal name Acharya, K.K.
942 ## - ADDED ENTRY ELEMENTS (KOHA)
Source of classification or shelving scheme Dewey Decimal Classification
Koha item type ISBN
Holdings
Withdrawn status Lost status Source of classification or shelving scheme Damaged status Not for loan Home library Current library Date acquired Total Checkouts Full call number Barcode Date last seen Price effective from Koha item type
    Dewey Decimal Classification     Tribhuvan University Central Library Tribhuvan University Central Library 06/20/2024   550/T158e IS20045 06/20/2024 06/20/2024 ISBN
    Dewey Decimal Classification     Tribhuvan University Central Library Tribhuvan University Central Library 06/20/2024   550/T158e IS20046 06/20/2024 06/20/2024 ISBN
    Dewey Decimal Classification     Tribhuvan University Central Library Tribhuvan University Central Library 06/23/2024   550/T158e IS21807 06/23/2024 06/23/2024 ISBN
    Dewey Decimal Classification     Tribhuvan University Central Library Tribhuvan University Central Library 06/23/2024   550/T158e IS21808 06/23/2024 06/23/2024 ISBN